MARC

LEADER 00000nam0a2200000 4500
001 56315
005 20231031053321.0
035 |a (RuTPU)RU\TPU\book\59145 
090 |a 56315 
100 |a 20030926d1970 m y0rusy50 ca 
101 0 |a rus 
102 |a RU 
105 |a a j 001zy 
200 1 |a Лабораторные работы по курсу "Промышленная электроника"  |h Ч. 1  |f М. М. Штейн, С. И. Щербинин  |g Томский политехнический университет 
210 |a Томск  |c Изд-во ТПИ  |d 1970 
215 |a 69 с.  |c ил. 
320 |a Библиогр. в конце работ 
610 1 |a промышленная электроника 
610 1 |a лабораторные работы 
610 1 |a практические пособия 
610 1 |a учебные пособия 
675 |a 621.385(076.5)  |v 3 
700 1 |a Штейн  |b М. М.  |c физик  |c заведующий лабораторией Томского политехнического университета, кандидат технических наук  |f 1938-  |g Михаил Михайлович  |2 stltpush  |3 (RuTPU)RU\TPU\pers\31481 
701 1 |a Щербинин  |b С. И. 
712 0 2 |a Томский политехнический институт  |2 stltpush  |3 (RuTPU)RU\TPU\col\1123 
801 1 |a RU  |b 63413507  |c 20030926  |g PSBO 
801 2 |a RU  |b 63413507  |c 20160113  |g PSBO 
942 |c BK